000 00560nam a2200193Ia 4500
003 GCL
008 140319s9999 xx 000 0 eng d
040 _aGCL /
_cGCL
082 0 4 _aCC
_b932.071
_bR C
100 1 _aREEVES , NICHOLAS
245 1 0 _aTHE COMPLETE TUTANK HAMUN /
_cREEVES , NICHOLAS
260 _aالقاهرة :
_bTHE AMERICAN UNIVERSITY IN CAIRO PRESS ،
_c1992
300 _a224 P ؛
_c28 C M
650 0 4 _aHISTOLOGY
650 0 4 _aANCIENT EGYPT
650 0 4 _aARCHAEOLOGY
650 0 4 _aKNOXVILLE ( TENN . ) - CIVLIZATION
942 _2ddc
_cBK
999 _c13256
_d13256